000 00482nam a22001937a 4500
003 MPLRDC
005 20220104160105.0
008 210129b ||||| |||| 00| 0 eng d
020 _a987-558-675-1
082 _a802.81 WCS
100 _a王春生编
245 _a三字经
_c
250 _a再版
260 _a台湾
_b大千文化出版事业公司
_c2000
300 _b
490 _a亲字文学坊. 1
650 _a中国语言--蒙求书
942 _cBK
_o802.81 WCS
999 _c54806
_d54796